[Event "ITA-ch U20 26th"]
[Site "Bratto"]
[Date "2003.08.25"]
[Round "5"]
[White "Longo, Aldo"]
[Black "Hellweger, Stefan"]
[Result "1-0"]
[WhiteElo "1677"]
[BlackElo "1576"]
[PlyCount "135"]
[EventDate "2003.08.21"]
[EventType "swiss"]
[EventRounds "9"]
[EventCountry "ITA"]
[SourceTitle "EXT 2007"]
[Source "ChessBase"]
[SourceDate "2006.11.23"]
[SourceVersion "1"]
[SourceVersionDate "2006.11.23"]
[SourceQuality "1"]

1. e4 d6 2. d4 Nd7 3. Nf3 g6 4. Bc4 e6 5. 0-0 Bg7 6. Bg5 Ne7 7. Qd2 0-0 8. Nc3 Nb6 9. Bb3 Re8 10. Rad1 Qd7 11. e5 d5 12. Bh6 Nf5 13. Bxg7 Nxg7 14. g4 Qe7 15. Qh6 f6 16. exf6 Qxf6 17. Ng5 Bd7 18. Qxh7+ Kf8 19. Qh4 Ke7 20. Nf3 Rh8 21. Qxf6+ Kxf6 22. Ne5 Be8 23. Nb1 Nd7 24. Nxd7+ Bxd7 25. Nd2 Rh3 26. Kg2 Rah8 27. Rh1 Bb5 28. c4 dxc4 29. Bxc4 Bc6+ 30. f3 Bd5 31. Rde1 c6 32. Ne4+ Bxe4 33. Rxe4 R3h7 34. h3 Rd8 35. f4 Rd6 36. Rhe1 Rh8 37. Kg3 Rhd8 38. Re5 Re8 39. R5e4 Red8 40. Re5 Re8 41. Rd1 Red8 42. Re3 Rxd4 43. Red3 Rxd3+ 44. Rxd3 Rxd3+ 45. Bxd3 g5 46. fxg5+ Kxg5 47. h4+ Kh6 48. Kf4 Ne8 49. Ke5 Nc7 50. Be4 a5 51. Kd6 Nd5 52. Kxe6 Ne3 53. g5+ Kh5 54. g6 Kh6 55. Bf5 Kg7 56. h5 Nc4 57. b3 Nb6 58. h6+ Kxh6 59. Kf7 Nd5 60. g7 Ne7 61. Kxe7 Kxg7 62. Kd7 Kf6 63. Bd3 a4 64. bxa4 Ke5 65. Kc7 b5 66. axb5 cxb5 67. Bxb5 Kd5 68. Kb6 1-0

[Event "ITA-ch U20 24th"]
[Site "Bratto"]
[Date "2001.08.29"]
[Round "8"]
[White "Longo, Aldo"]
[Black "Festa, Samuele"]
[Result "1-0"]
[WhiteElo "1500"]
[BlackElo "1642"]
[PlyCount "73"]
[EventDate "2001.08.22"]
[EventType "swiss"]
[EventRounds "9"]
[EventCountry "ITA"]
[SourceTitle "EXT 2007"]
[Source "ChessBase"]
[SourceDate "2006.11.23"]
[SourceVersion "1"]
[SourceVersionDate "2006.11.23"]
[SourceQuality "1"]

1. e4 c5 2. Nc3 Nc6 3. g3 d6 4. Bg2 Nf6 5. f4 g6 6. d3 Bg7 7. Nf3 0-0 8. 0-0 Bg4 9. h3 Bxf3 10. Bxf3 Nd4 11. Bg2 Qd7 12. Ne2 Nh5 13. Kh2 Nxe2 14. Qxe2 e6 15. g4 Nf6 16. g5 Ne8 17. c3 Rb8 18. Be3 b5 19. e5 Nc7 20. c4 Rfd8 21. Rad1 dxe5 22. Bxc5 Na6 23. Bg1 exf4 24. Rxf4 Qc7 25. Rdf1 Be5 26. Be3 bxc4 27. dxc4 Rxb2 28. Qf3 Rd3 29. Qe4 Ra3 30. Kh1 Bxf4 31. Bxf4 Qc8 32. Be5 Rd2 33. Qf4 Rd7 34. Kh2 Qf8 35. Qh4 Rxa2 36. Rf4 Rdd2 37. Qxh7+ 1-0

[Event "ITA-ch U20 24th"]
[Site "Bratto"]
[Date "2001.08.26"]
[Round "5"]
[White "Longo, Luigi"]
[Black "Longo, Aldo"]
[Result "1/2-1/2"]
[WhiteElo "1500"]
[BlackElo "1500"]
[PlyCount "28"]
[EventDate "2001.08.22"]
[EventType "swiss"]
[EventRounds "9"]
[EventCountry "ITA"]
[SourceTitle "EXT 2007"]
[Source "ChessBase"]
[SourceDate "2006.11.23"]
[SourceVersion "1"]
[SourceVersionDate "2006.11.23"]
[SourceQuality "1"]

1. d4 d5 2. c4 e6 3. Nc3 Nf6 4. Bg5 Be7 5. Nf3 h6 6. Bh4 0-0 7. e3 b6 8. cxd5 Nxd5 9. Bxe7 Qxe7 10. Nxd5 exd5 11. Rc1 Be6 12. Qa4 c5 13. Qa3 Rc8 14. Be2 a5 1/2-1/2

[Event "ITA-ch U20 24th"]
[Site "Bratto"]
[Date "2001.08.25"]
[Round "4"]
[White "Longo, Aldo"]
[Black "Castellano, Clara Fulvia"]
[Result "1-0"]
[WhiteElo "1500"]
[BlackElo "1600"]
[PlyCount "89"]
[EventDate "2001.08.22"]
[EventType "swiss"]
[EventRounds "9"]
[EventCountry "ITA"]
[SourceTitle "EXT 2007"]
[Source "ChessBase"]
[SourceDate "2006.11.23"]
[SourceVersion "1"]
[SourceVersionDate "2006.11.23"]
[SourceQuality "1"]

1. e4 c5 2. Nc3 Nc6 3. g3 Nf6 4. Bg2 d6 5. f4 g6 6. d3 Bg7 7. Nf3 a6 8. h3 b5 9. g4 Bb7 10. Be3 Nd7 11. d4 Qa5 12. 0-0 b4 13. Ne2 c4 14. d5 Na7 15. Bd4 f6 16. c3 0-0 17. cxb4 Qxb4 18. Bc3 Qb6+ 19. Bd4 Nc5 20. Nd2 Qc7 21. Rc1 a5 22. Rxc4 Ba6 23. Rc1 Nb5 24. Rf3 Nxd4 25. Nxd4 Qd7 26. Bf1 Bxf1 27. Kxf1 e5 28. fxe5 fxe5 29. Rxf8+ Rxf8+ 30. N4f3 Qb5+ 31. Kg2 Qxb2 32. Qc2 Qa3 33. Rf1 Bh6 34. g5 Bg7 35. Nc4 Qb4 36. Rb1 Qa4 37. Qxa4 Nxa4 38. Nxd6 Nc3 39. Rc1 Nxa2 40. Ra1 Nc3 41. Rxa5 Rd8 42. Rc5 Rxd6 43. Rxc3 Bf8 44. Rc8 Kg7 45. Nxe5 1-0